Pokémon - Les attaques de Rosélia - Statistiques

Statistiques générales
  • Ce quiz a été pris 11 fois
  • Le résultat moyen est 12 sur 17
Statistiques - réponses
Niveaux Types Noms des attaques % Correct
Niveau 15 Plante Feuille Magik
88%
Niveau 10 Plante Vampigraine
88%
Niveau 60 Plante Danse Fleurs
75%
Départ Évolution Poison Dard-Venin
75%
Niveau 30 Plante Giga-Sangsue
75%
Niveau 5 Plante Méga-Sangsue
75%
Départ Plante Para-Spore
75%
Niveau 40 Poison Toxik
75%
Départ Plante Vol-Vie
75%
Départ Normal Croissance
63%
Niveau 25 Normal Doux Parfum
63%
Niveau 20 Poison Pics Toxik
63%
Niveau 55 Plante Racines
63%
Départ Plante Soucigraine
63%
Niveau 45 Plante Tempête Florale
63%
Niveau 50 Plante Aromathérapie
50%
Niveau 35 Plante Synthèse
50%
Aucun quiz correspondant
Distribution des résultats
% des personnes avec chaque résultat
Percentile par nombre de réponses
Votre historique - résultats
Vous n’avez pas pris ce quiz